=LDR 00000nam 2200000 4500 =001 INLIS000000000042341 =005 20140621141053.0 =006 =007 =008 ind =035 ##$$a 0010-101300000000263 =041 ##$$a ind =082 ##$$a 616.849 12 =090 ##$$a 616.849 12, Kat s =100 ##$$a Katherine A. Henry =245 ##$$a 100 tanya jawab mengenai migrain, Katharine a. henry, Anthony p. bossis; Penerjemah, Ririn sjariani =260 ##$$a 2011 $b Jakarta =300 ##$$a Xii, 285 hlm, Ilus, 23 cm =650 ##$$a MIGRAIN =700 ##$$a Anthony P. Bossis =850 ##$$a NBPNMAT =990 ##$$a 21400613/BPAP-NTB/20142014 =990 ##$$a 21400613/BPAP-NTB/20142014